| 000 | 00836 a2200229 4500 | ||
|---|---|---|---|
| 010 | _aTML-30652 | ||
| 020 |
_c25.00 _a8126020881 |
||
| 035 | _aTM-28889 | ||
| 037 | _bD.B.Act / pub / | ||
| 082 | _a894.811092 | ||
| 090 |
_c9728 _d9728 |
||
| 100 | _aசுப்பிரமணியன், சி | ||
| 245 |
_a வெள்ளகால் ப.சுப்பிரமணிய முதலியார் _cby சி.சுப்பிரமணியன் |
||
| 246 |
_aVellakkal P. Subramaniya Mudaliar _bBy C. Subramaniam |
||
| 250 | _a1st ed | ||
| 260 |
_aNew Delhi _bSahitya Akademi _c2005 |
||
| 270 |
_bNew Delhi _e110001 |
||
| 300 |
_a126p _b22cm |
||
| 650 |
_aTamil Literature _xbiography |
||
| 942 |
_cTM _k894.811092 / SUB |
||
| 999 |
_c9550 _d9550 |
||